Les Films de la Saga Alien - Statistiques

Statistiques générales
  • Ce quiz a été pris 225 fois
  • Le résultat moyen est 6 sur 8
Statistiques - réponses
Hint Réponse % Correct
1979 Alien : Le Huitième Passager
90%
1992 Alien 3
83%
1986 Aliens, Le Retour
83%
2012 Prometheus
82%
2004 Alien Vs Predator
80%
2017 Alien : Covenant
78%
2007 Alien Vs Predator : Requiem
52%
1997 Alien : La Résurrection
51%
Aucun quiz correspondant
Distribution des résultats
% des personnes avec chaque résultat
Percentile par nombre de réponses
Votre historique - résultats
Vous n’avez pas pris ce quiz